| 000 | 00690nam a2200205 i 4500 | ||
|---|---|---|---|
| 001 | 96534 | ||
| 003 | ES-MaACL | ||
| 005 | 20250812045003.0 | ||
| 007 | t| | ||
| 008 | 050627s1932 fr ||||1| fre d | ||
| 100 | 1 |
_aMâle, Emile. _975743 |
|
| 245 | 1 | 2 |
_aL'Art religieux aprés le Concile de Trente _b: étude sur l'iconographie de la fin du XVI siècle... XVIII siècle / _cEmile Mâle. |
| 260 |
_aParis : _b[s.n.], _c1932 ( _eEvreux : _fImp. Herissey) |
||
| 300 |
_a532 p. : _bil. ; _c29 cm. |
||
| 650 | 7 |
_aArte religioso- _zEuropa _2 _9164137 |
|
| 650 | 4 |
_aContrarreforma y arte. _9164138 |
|
| 852 |
_aES-MaACL _jA-1000 _bR.11085 |
||
| 942 | _2udc | ||
| 999 |
_c96534 _d96534 |
||